| 000 | 00534nam a22001577a 4500 | ||
|---|---|---|---|
| 003 | NUST | ||
| 082 | _a610 | ||
| 100 |
_a Munawar ,Sabahat _9122415 |
||
| 245 |
_aIdentification and Characterization of Risk Factors in Alzheimer’s Disease / _cSabahat Munawar |
||
| 264 |
_aIslamabad: _bSMME- NUST. _c2021. |
||
| 300 |
_a83p. ; _bSoft Copy, _c30cm. |
||
| 650 | _aMS Biomedical Sciences (BMS) | ||
| 700 |
_aSupervisor: Dr. Saima Zafar _9122351 |
||
| 856 | _uhttp://10.250.8.41:8080/xmlui/handle/123456789/26238 | ||
| 942 |
_2ddc _cTHE |
||
| 999 |
_c608910 _d608910 |
||